Fr. Conceicao Rodrigues College of Engineering

Tool Room Practice Part 3 No.13 B (Record no. 34674)

MARC details
000 -LEADER
fixed length control field 00326nam a2200145Ia 4500
082 ## - DEWEY DECIMAL CLASSIFICATION NUMBER
Classification number 621.9
Item number MAC
100 ## - MAIN ENTRY--PERSONAL NAME
Personal name Machinery yellow back series
245 ## - TITLE STATEMENT
Title Tool Room Practice Part 3 No.13 B
260 ## - PUBLICATION, DISTRIBUTION, ETC.
Name of publisher, distributor, etc. Machinery publication Co
Date of publication, distribution, etc. 2001
300 ## - PHYSICAL DESCRIPTION
Extent 64
546 ## - LANGUAGE NOTE
Language note ENGLISH
654 ## - SUBJECT ADDED ENTRY--FACETED TOPICAL TERMS
Focus term Tool
942 ## - ADDED ENTRY ELEMENTS (KOHA)
Koha item type BOOK
Holdings
Withdrawn status Lost status Damaged status Not for loan Collection Home library Current library Date acquired Total Checkouts Full call number Barcode Date last seen Price effective from Koha item type
        AFT Fr. Agnel's C.Rodrigues College of Engineering Fr. Agnel's C.Rodrigues College of Engineering 17/03/2023   621.9 MAC AFT410 17/03/2023 17/03/2023 BOOK